000 00702nam a22002537a 4500
003 0
005 20180709161613.0
008 0
010 _aB-192122
020 _c00.00
_a9780070581647
035 _aB-192122, B-192123
037 _bCen Lib/Ret
040 _aDPL
_bEN
_c0
082 _a669
_bNAY
100 _aNayar, Alok
_938206
245 _aTesting of metals /
_cby Alok Nayar
260 _bTata McGraw-Hill
_aNew Delhi
_c2005
270 _bNew Delhi
_a7 West Patel Nagar
_e110008
300 _axiii,202p. :
_c25cm(Hb)
_bcol.ill.
500 _aIncludes index
650 _aMetals -- Testing
_938207
650 _aHardness -- Testing
_938208
942 _2ddc
_cEN
_h669
_mNAY
999 _c133536
_d133536